RASARNAVAKALPA (Record no. 9033)

MARC details
000 -LEADER
fixed length control field 00422nam a22001697a 4500
005 - DATE AND TIME OF LATEST TRANSACTION
control field 20260224162327.0
008 - FIXED-LENGTH DATA ELEMENTS--GENERAL INFORMATION
fixed length control field 260224b |||||||| |||| 00| 0 eng d
041 ## - LANGUAGE CODE
Language code of text/sound track or separate title eng
082 ## - DEWEY DECIMAL CLASSIFICATION NUMBER
Classification number 615.53 MIT-R
100 ## - MAIN ENTRY--AUTHOR NAME
Personal name ROY, MITRA AND SUBBARAYAPPA
245 ## - TITLE STATEMENT
Title RASARNAVAKALPA
250 ## - EDITION STATEMENT
Edition statement 1st Ed.
260 ## - PUBLICATION, DISTRIBUTION, ETC. (IMPRINT)
Place of publication NEW DELHI
Name of publisher INDIAN NATIONAL SCIENCE ACADEMY
Year of publication 1976
300 ## - PHYSICAL DESCRIPTION
Number of Pages 174;P
650 ## - SUBJECT ADDED ENTRY--TOPICAL TERM
Topical Term BGP
942 ## - ADDED ENTRY ELEMENTS (KOHA)
Koha item type Books
Holdings
Lost status Damaged status Home library Current library Shelving location Date acquired Source of acquisition Cost, normal purchase price Full call number Accession Number Koha item type
    JRU Library JRU Library KAUTILYA BOOK SANGRAH 24/02/2026 PURCHASE 320.00 615.53 MIT-R 29270 Books